Discrete mathematics (Record no. 85786)

MARC details
000 -LEADER
fixed length control field 00348pam a2200133 a 4500
020 ## - INTERNATIONAL STANDARD BOOK NUMBER
International Standard Book Number 9780070616783
Terms of availability
040 ## - CATALOGING SOURCE
Original cataloging agency ASUS_788001
041 ## - LANGUAGE CODE
Language code of text/sound track or separate title eng
100 ## - MAIN ENTRY--PERSONAL NAME
Personal name Veerarajan, T.
245 ## - TITLE STATEMENT
Title Discrete mathematics
Remainder of title With graph theory and combinatorics
260 ## - PUBLICATION, DISTRIBUTION, ETC.
Place of publication, distribution, etc. New delhi
Name of publisher, distributor, etc. Tata McGrow Hill
Date of publication, distribution, etc. 2008
300 ## - PHYSICAL DESCRIPTION
Extent xii, 531p.
Dimensions 24cm.
930 ## - EQUIVALENCE OR CROSS-REFERENCE-UNIFORM TITLE HEADING [LOCAL, CANADA]
Uniform title 8880
Holdings
Withdrawn status Lost status Damaged status Not for loan Collection Home library Current library Date acquired Source of acquisition Cost, normal purchase price Total Checkouts Full call number Barcode Date last seen Copy number Price effective from Koha item type
          Yashwantrao Mohite College of Arts, Science And Commerce, Pune Yashwantrao Mohite College of Arts, Science And Commerce, Pune 04/06/2021 Bharati Sahakari Madhyavarti Grahak Bhandar 325.00   YMP-38987 24/02/2023 1 24/02/2023 Book